Alonso Mariano /

Gardado en:
Detalles Bibliográficos
Autor Principal: García Marcelino, Ismael (autor)
Formato: Libro
Idioma:Lingua castelá
Publicado: México : CONACULTA, Dirección General de Culturas Populares e Indígenas, 2004, c2004
Series:(Letras Indígenas Contemporáneas)
Temas:
Etiquetas: Engadir etiqueta
Sen Etiquetas, Sexa o primeiro en etiquetar este rexistro!

MARC

LEADER 00000nam^a2200000^a^4500
001 000177395
005 20250521000000.0
009 20260310101711.825
020 |a 970-35-0456-6 
037 |a Acervo ITESO - Biblioteca 
041 |a ESP 
082 |a 897.  |b GAR 
100 |a García Marcelino, Ismael  |e (autor) 
245 1 0 |a Alonso Mariano /  |c I. García Marcelino. 
264 4 |a México :  |b CONACULTA, Dirección General de Culturas Populares e Indígenas,  |c 2004, c2004 
300 |a 343 p. 
336 |a texto  |b txt  |2 rdacontenido 
337 |a sin mediación  |b n  |2 rdamedio 
338 |a volumen  |b nc  |2 rdasoporte 
440 1 |a (Letras Indígenas Contemporáneas) 
546 |a Edición bilingüe español-tarasco 
649 |a XX 
650 |a Novela Tarasca 
650 |a Novela Indígena 
650 |a Novela Mexicana 
650 |a Literatura Tarasca -  |y Siglo XXI 
650 |a Literatura Indígena -  |y Siglo XXI 
650 |a Literatura Mexicana -  |y Siglo XXI 
910 |a Fondo General 
920 |a Impresos - Libros 
930 |a Colección General 
940 |a Literatura 
905 |a 101 
901 |a 0500116414  |b IT1  |c LIT  |u 20250521 
902 |a https://opac.biblio.iteso.mx/vufind/Record/000177395